| 000 | 01172nam a22003017a 4500 | ||
|---|---|---|---|
| 001 | 0074 | ||
| 003 | DO-SdBPM | ||
| 005 | 20260128122335.0 | ||
| 007 | ta | ||
| 008 | 151006b 2009 ck 00| 0 spa d | ||
| 020 | _a9789587032147 | ||
| 040 |
_aDO-SdBPM _bspa _cBPMSU _erda |
||
| 082 | 4 |
_aR463.21 _bD545m 2009 _222 |
|
| 092 |
_a _b |
||
| 245 | 0 | 0 |
_aMultireference dictionary = diccionario multiconsulta : _bespañol-inglés : términos de electrónica, informática, ciencia, mecánica / _cGustavo de Elorza Ajamil editor |
| 246 | 1 | 3 |
_adiccionario multiconsulta : _bespañol-inglés : términos de electrónica, informática, ciencia, mecánica |
| 264 |
_aBogotá : _bCultural Internacional, _c2009 |
||
| 300 |
_a462, 436 p., [64] páginas de láminas. _bilustración , + CD-ROM ; _c27 cm. |
||
| 336 |
_atexto _btxt _2rdacontent |
||
| 337 |
_asin mediación _bn _2rdamedia |
||
| 338 |
_avolumen _bnc _2rdacarrier |
||
| 590 | _aInventariado, 2026/ VM | ||
| 650 | 7 |
_aEspañolL _vDiccionarios _xInglés. _2 |
|
| 650 | 7 |
_aInglés _vDiccionarios _xEspañol. |
|
| 700 | 1 |
_aElorza Ajamil, Gustavo de, _eeditor |
|
| 910 | _aVMateo V. Control de calidad. BPMSU | ||
| 942 |
_2ddc _cBK |
||
| 999 |
_c8332 _d8332 |
||